Responses for Show #2530 - Friday, September 8, 1995

Contestants

[<< previous game]

Rock Huang, a consultant originally from New York City

Lynn Hooker, a graduate student from Chicago, Illinois

Rudy Stegemoeller, an attorney from Poestenkill, New York (whose 1-day cash winnings total $11,001)

[next game >>]

Jeopardy! Round responses

THE ELEMENTS
FIRST NAMES
FOOD & DRINK
ILLINOIS
BUSINESS & INDUSTRY
IN THE DICTIONARY
    $100 9
gold

Rudy
    $100 1
Tara

Rudy
    $100 23
tequila

Rock
    $100 20
the cardinal

Rudy
    $100 8
Kodak

Lynn
    $100 11
Man Friday

Rudy
    $200 16
nickel

Rock
    $200 2
(Rudy: What is Laurence?)
[NOTE: Alex pronounced the correct response as "Louie".]

Louis

Rudy
Triple Stumper
    $200 24
(Lynn: What is au gratin?)

fondue

LynnRock
    $200 4
(John) Deere (Company)

Rock
    $200 10
Gerber

Rudy
    $200 12
(Rock: What is netting?)
(Rudy: What is mesh?)

a canopy

RudyRock
Triple Stumper
    $300 17
(Alex: Yes, francium.)

France

Lynn
    $300 3
Faith, Hope & Charity

Lynn
    $300 25
an artichoke

Triple Stumper
    $300 7
the Illinois Central

Lynn
    $300 21
Fiat

Rudy
    $300 13
sahib

Lynn
    $400 18
phosphorus

Lynn
    $400 5
Corazon (Aquino)

Rudy
    $400 26
sangria

Rudy
    $400 14
Adlai Stevenson

Lynn
    $400 22
Dow (Chemicals)

Rock
    $600 29
(Rock: What is overwhelm?)

deluge

Rock
    $500 19
aluminum

Lynn
    $500 6
horses

Lynn
    $500 28
(Alex: The man's name was Caesar Cardini, hence, the [*].)

Caesar salad

Triple Stumper
    $500 15
the Mississippi and the Ohio

Lynn
    $500 27
Black & Decker

Rock
    $500 30
an oxymoron

Lynn

Scores at the first commercial break (after clue 14):

Rudy Lynn Rock
$500 $1,900 $0

Scores at the end of the Jeopardy! Round:

Rudy Lynn Rock
$1,300 $3,900 $800

Double Jeopardy! Round responses

1995
EUROPE
THE MOVIES
CRIME TIME
BALLET
LITERATURE
    $200 1
Tokyo

Rudy
    $200 2
Austria

Rudy
    $200 21
Casablanca

Rudy
    $200 26
a check

Lynn
    $200 7
Cleopatra

Rock
    $200 12
Anna Karenina

Rudy
    $400 5
Michael Jordan

Rudy
    $400 3
bubonic plague

Rudy
    $400 22
Demi Moore

Lynn
    $400 27
Wallace

Rudy
    $400 10
The Nutcracker

Lynn
    $400 13
Rochester

Lynn
    $600 8
New York

Lynn
    $600 4
Dublin

Rock
    $600 23
Prizzi's Honor

Rudy
    $600 28
Singapore

Rock
    $600 11
Ravel

Rudy
    $600 15
Wakefield

Rudy
    $800 19
Colorado

Rudy
    $800 6
(Lynn: What is Luxembourg?)
(Alex: [Looking to the judges] Hmmmm. Will we accept Luxembourg all by itself? That's all right. [*]. Select again.)

Luxembourg (or The Netherlands)

Lynn
    $800 24
My Left Foot

Lynn
    $800 29
(James Earl) Ray

Lynn
    $800 14
pliƩ

Rudy
    $800 16
Siegfried

Lynn
    $1000 20
Chechnya

Lynn
    $1,300 9
(Lynn: Who is Queen Beatrice?)

Margrethe II

Lynn
    $1000 25
(Rock: What is Cat Ballou?)
...
(Alex: Speaking of John Wayne. The film was [*]. And we have less than a minute to go, Lynn.)

True Grit

Rock
Triple Stumper
    $1000 30
(Alex: They had a pretty good film about him a few years ago, [*]. Benjamin [*].)

"Bugsy" Siegel

Triple Stumper
    $1000 18
an arabesque

Lynn
    $1,300 17
Tess of the d'Urbervilles

Lynn

Scores at the end of the Double Jeopardy! Round:

Rudy Lynn Rock
$6,700 $11,100 $1,200

[wagering suggestions for these scores]

Final Jeopardy! Round responses

ANTHROPOLOGY
RockWhat is a caveman?
$1,100
RudyWhat is Peking man
$2,200
LynnWhat is Peking Man?
$2,301
Peking man

Final scores:

Rudy Lynn Rock
$8,900 $13,401 $100
2nd place: trip for 2 to Orlando + Jeopardy! home game New champion: $13,401 3rd place: Sanyo fax machine + Jeopardy! home game

Game dynamics:

Coryat scores:

Rudy Lynn Rock
$6,700 $12,100 $1,800
20 R,
2 W
23 R
(including 1 DD),
2 W
(including 1 DD)
9 R,
3 W
(including 1 DD)

Combined Coryat: $20,600

[game clues] [game scores] [suggest correction]

Game tape date: Unknown
The J! Archive is created by fans, for fans. Scraping, republication, monetization, and malicious use prohibited; this site may use cookies and collect identifying information. See terms. The Jeopardy! game show and all elements thereof, including but not limited to copyright and trademark thereto, are the property of Jeopardy Productions, Inc. and are protected under law. This website is not affiliated with, sponsored by, or operated by Jeopardy Productions, Inc. Join the discussion at JBoard.tv.